Seabird Energetics /

Bibliographic Details
Main Author: Whittow, G. Causey
Corporate Author: SpringerLink (Online service)
Other Authors: Rahn, Hermann
Format: eBook
Language:English
Published: Boston, MA : Springer US, 1984.
Subjects:
Online Access:Connect to the full text of this electronic book

MARC

Tag First Indicator Second Indicator Subfields
LEADER 00000cam a2200000Ma 4500
001 in00003547876
006 m o d
007 cr nn|||||||||
008 121227s1984 mau o 000 0 eng d
005 20260422201020.9
020 |a 9781468448597 (electronic bk.) 
020 |a 1468448595 (electronic bk.) 
020 |z 1468448595 
035 |a (OCoLC)840288988 
040 |a I9W  |b eng  |e pn  |c I9W  |d UV0  |d OCLCO  |d GW5XE  |d OCLCQ  |d OCLCF  |d UtOrBLW 
049 |a TXAM 
050 4 |a QL1-991 
082 0 4 |a 590  |2 23 
100 1 |a Whittow, G. Causey. 
245 1 0 |a Seabird Energetics /  |c edited by G. Causey Whittow, Hermann Rahn. 
264 1 |a Boston, MA :  |b Springer US,  |c 1984. 
300 |a 1 online resource. 
336 |a text  |b txt  |2 rdacontent 
337 |a computer  |b c  |2 rdamedia 
338 |a online resource  |b cr  |2 rdacarrier 
500 |a Electronic resource. 
650 0 |a Life sciences. 
650 0 |a Zoology. 
650 7 |a Life sciences.  |2 fast  |0 (OCoLC)fst00998323 
650 7 |a Zoology.  |2 fast  |0 (OCoLC)fst01184696 
655 7 |a Electronic books.  |2 local 
700 1 |a Rahn, Hermann. 
710 2 |a SpringerLink (Online service) 
856 4 0 |u http://proxy.library.tamu.edu/login?url=https://link.springer.com/10.1007/978-1-4684-4859-7  |z Connect to the full text of this electronic book  |t 0 
994 |a 92  |b TXA 
999 |a MARS 
999 f f |s 42cfabcc-8d25-3114-9111-04bcf76ab502  |i afc85802-8cd4-32c1-90ee-31c0c44c32c7  |t 0 
952 f f |a Texas A&M University  |b College Station  |c Electronic Resources  |s www_evans  |d Available Online  |t 0  |e QL1-991  |h Library of Congress classification 
998 f f |a QL1-991  |t 0  |l Available Online